Statistiques concernant Les pays qui se terminant par les lettres IE

Cliquez ici pour prendre le quiz!

Statistiques générales

  • Ce quiz a été pris 1 287 fois
  • Le résultat moyen est 25 sur 38

Statistiques - réponses

pays% Correct
Russie
82%
Australie
81%
Italie
80%
Lituanie
80%
Algérie
79%
Estonie
78%
Lettonie
78%
Albanie
77%
Roumanie
77%
Slovaquie
77%
Slovénie
75%
Bulgarie
74%
Hongrie
73%
Tunisie
73%
Croatie
72%
Colombie
69%
Serbie
69%
Biélorussie
68%
Bolivie
67%
Turquie
67%
Éthiopie
65%
Moldavie
65%
Arménie
64%
Indonésie
63%
Namibie
63%
Syrie
62%
Tanzanie
62%
Zambie
62%
Somalie
60%
Mauritanie
58%
Gambie
57%
Géorgie
57%
Malaisie
57%
Jordanie
53%
Micronésie
50%
Mongolie
50%
Tchéquie
38%
Sainte-Lucie
27%

Distribution des résultats

Percentile par nombre de réponses

% des personnes avec chaque résultat

Votre développement - résultats

Vous n’avez pas pris ce quiz